000 00656na a2200241 4500
001 24549
003 MIRAKIL
005 20181213155335.0
008 181130b tu 000 0
020 _a9757265039
040 _aMilas
_btur
_cTR-AnCHP
041 _atur
082 _a891.99235
_bM26s 1997
090 _a891.99235 M26s 1997
100 _aMargosyan, Mıgırdiç
245 _aSöyle Margos nerelisen?
_cMıgırdiç Margosyan
250 _a4. bs.
260 _aİstanbul
_bAras Yayıncılık
_c1997
_fEgemen Matbaacılık
300 _a109 s.
_c20 sm.
504 _aDizin var.
650 _aErmeni Edebiyatı
_xRoman
942 _2ddc
_cBKS
999 _c10868
_d10868